1918 1380 1127 1467 1982 1298 1295 1598 1555 1039 1377 1678 1154 1370 1860 1359 1050 1591 1522 1196 1851 1468 1526 1165 1103 1762 1077 1942 1368 1188 1062 1005 1288 1290 1655 1312 1982 1651 1847 1589 1021 1430 1790 1332 1684 1387 1068 1859 1990 1167 1637 1149 1260 1126 1617 1056 1065 1739 1859 1013 1591 1289 1793 1017 1297 1425 1664 1552 1375 1031 1393 1632 1575 1313 1441 1977 1726 1693 1413 1300 1895 1645 1301 1484 1875 1669 1604 1726 1670 1613 1365 1143 1855 1610 1546 1979 1636 2000 1820 BCNSPRNW ULIB Ver.6.0+V

เปลี่ยนเป็นภาษาไทย

Change to English
 แสดงรายละเอียดบรรณานุกรม
  กลับหน้าหลัก

Brief Record : Get Marc (ISO 2709) : E-mail record : QR code < ปิดหน้าต่าง
LEADER : 00000nas 2200000uu 4500
001    13399126188
003     ULIB
008    180711s2560||||th 000 0 tha d
022 0  ^a16869443
110 1  ^aวารสารหัวหินสุขใจ ไกลกังวล
245 00 ^aวารสารหัวหินสุขใจ ไกลกังวล^cโรงพยาบาลหัวหิน
260    ^aประจวบคีรีขันธ์;^bโรงพยาบาลหัวหิน,^c2560
310    ^aราย 6 เดือน
850 ^a ULIB^bปีที่ 2 ฉบับที่ 2 ฉ.1 ;ปีที่ 2 ฉบับที่ 1 ฉ.1
945    ^p0^l0^i905180
945    ^p0^l0^i904932
999    ^aประนอม เกษจรัล
รายการนี้ยังไม่มีแท็ก
คุณยังไม่ได้ล็อกอิน คุณสามารถมีกิจกรรมร่วมกับเว็บไซต์ได้ แต่ต้องล็อกอินก่อน ::
  ล็อกอิน

รายการสื่อสารสนเทศ (วารสาร)

ดูแบบ: กล่อง รายการ
ARRIVED
ปีที่ 2 ฉบับที่ 1 ฉ.1
สถานที่: ห้องสมุดวิทยาเขตสวรรค์ประชารักษ์ >วารสาร
ARRIVED
ปีที่ 2 ฉบับที่ 2 ฉ.1
สถานที่: ห้องสมุดวิทยาเขตสวรรค์ประชารักษ์ >วารสาร

BibComment


ยังไม่เคยถูกคอมเมนท์

คอมเมนท์ทรัพยากรรายการนี้
  คอมเมนท์: วารสารหัวหินสุขใ..


 Copyright 2026. Bcnsprnw @Library